| 000 | 00715nam a2200229Ia 4500 | ||
|---|---|---|---|
| 005 | 20250425160652.0 | ||
| 008 | 250425s9999 xx 000 0 und d | ||
| 020 | _a9586000451 | ||
| 041 | _aspa | ||
| 082 | _a651.7 | ||
| 245 | 0 | _aREDACCION COMERCIAL ESTRUCTURADA | |
| 250 | _a3A ED. | ||
| 260 | _aBOGOTA | ||
| 260 |
_aColombia _bMCGRAW-HILL LATINOAMERICANA _c1997 |
||
| 300 | _a203 | ||
| 520 | _aREDACCION COMERCIAL ESTRUCTURADA, ADEMAS DE ESQUEMAS CREATIVOS, OFRECE AL ESTUDIANTE PAUTAS MECANOGRAFICAS, TERMINOS COMERCIALES ACTUALIZADOS Y NORMAS PRACTICAS PARA LA PU.NTUACION | ||
| 650 | _aCOMUNICACIONES | ||
| 650 | _aREDACCION COMERCIAL | ||
| 650 | _aSECRETARIAS | ||
| 942 | _c01 | ||
| 010 | _a1893 | ||
| 999 |
_c193767 _d193767 |
||